000 00539nam a2200217Ia 4500
003 OSt
005 20221007075201.0
006 a|||||r|||| 00| 0
007 ta
008 221006b |||||||| |||| 00| 0 eng d
024 _a35,172
037 _cTextual
040 _aFLL
_cFLL
_beng
041 _2eng
_aeng
100 _aSingh G B
245 0 _aORI and other short stories
260 _aNew Delhi
_bDayanand (Baljeet Kaur) Colony India
300 _a127p
_ccm.
942 _cTEXL
_2CC
999 _c1155117
_d1155117